La entrada en el mundo o guía práctica del joven cristiano. (Record no. 153666)

MARC details
000 -LEADER
campo de control de longitud fija 00582nam a22001815i 4500
001 - NÚMERO DE CONTROL
campo de control 153666
003 - IDENTIFICADOR DE NÚMERO DE CONTROL
campo de control ES-MaACL
005 - FECHA Y HORA DE LA ÚLTIMA TRANSACCIÓN
campo de control 20250804054034.0
008 - DATOS DE LONGITUD FIJA--INFORMACIÓN GENERAL
campo de control de longitud fija 940202s1883 sp |||| | spa d
040 ## - FUENTE DE CATALOGACIÓN
Centro catalogador/agencia de origen AR
Lengua de catalogación spa
245 03 - MENCIÓN DEL TÍTULO
Título La entrada en el mundo o guía práctica del joven cristiano.
250 ## - MENCION DE EDICION
Mención de edición 4\sa\p ed. corr. y aum.
260 ## - PUBLICACIÓN, DISTRIBUCIÓN, ETC.
Lugar de publicación, distribución, etc. Madrid :
Nombre del editor, distribuidor, etc. [s.n.],
Fecha de publicación, distribución, etc. 1883 (
Fabricante imprenta de la viuda é hijo de Eusebio Aguado)
300 ## - DESCRIPCIÓN FÍSICA
Extensión XIII, 16-306 p. ;
Dimensiones 16 cm.
650 #7 - PUNTO DE ACCESO ADICIONAL DE MATERIA--TÉRMINO DE MATERIA
Término de materia o nombre geográfico como elemento de entrada Vida cristiana
Fuente del encabezamiento o término embne
9 (RLIN) 17790
852 ## - LOCALIZACIÓN
Ubicación ES-MaACL
Número de control de estantería D-2740
Nota libre -- Enc. tela
Holdings
Estatus retirado Estado de pérdida Estado de daño No para préstamo Colección Biblioteca de origen Biblioteca actual Ubicación en estantería Fecha de adquisición Fuente de adquisición Total de préstamos Signatura topográfica completa Código de barras Visto por última vez Precio de reemplazo Tipo de ítem Koha
        Libros del s. XIX Biblioteca del Ateneo de Madrid Biblioteca del Ateneo de Madrid Sala Valle Inclán 17/01/2008     D-2740 901160647 23/02/2023 23/02/2023 Libro impreso antiguo